Statistieken voor Hoofdsteden van Europa

Klik hier om de quiz te nemen!

Algemene statistieken

  • Deze quiz is 4.983 keer genomen
  • De gemiddelde score is 32 van 45

Antwoordstatistieken

LandHoofdstad% Correct
BelgiëBrussel
98%
NederlandAmsterdam
97%
FrankrijkParijs
96%
ItaliëRome
96%
DuitslandBerlijn
95%
SpanjeMadrid
94%
Verenigd KoninkrijkLonden
92%
LuxemburgLuxemburg
91%
RuslandMoskou
89%
GriekenlandAthene
89%
NoorwegenOslo
87%
PortugalLissabon
87%
IerlandDublin
85%
DenemarkenKopenhagen
84%
OostenrijkWenen
82%
VaticaanstadVaticaanstad
82%
MonacoMonaco
81%
FinlandHelsinki
79%
PolenWarschau
79%
TsjechiëPraag
78%
ZwedenStockholm
78%
ZwitserlandBern
76%
HongarijeBoedapest
76%
San MarinoSan Marino
73%
IJslandReykjavik
72%
OekraïneKiev
72%
BulgarijeSofia
70%
RoemeniëBoekarest
69%
KroatiëZagreb
67%
AndorraAndorra la Vella
66%
LetlandRiga
58%
BelarusMinsk
57%
EstlandTallinn
55%
Noord-MacedoniëSkopje
54%
AlbaniëTirana
51%
Bosnië en HerzegovinaSarajevo
50%
LitouwenVilnius
49%
ServiëBelgrado
45%
SlowakijeBratislava
45%
SloveniëLjubljana
43%
MaltaValletta
43%
LiechtensteinVaduz
36%
KosovoPristina
35%
MoldaviëChisinau
30%
MontenegroPodgorica
28%

Scoreverdeling

Percentiel versus Aantal Correcte Antwoorden

Procent van Mensen met Elke Score

Uw Scoregeschiedenis

U heeft deze quiz nog niet genomen